| 000 | 01084nam a2200229Ia 4500 | ||
|---|---|---|---|
| 001 | 18369 | ||
| 003 | GE_BSU | ||
| 008 | 181216s||||||||xx |||||||||||||| ||und|| | ||
| 020 | _a978-9941-0-3782-5 | ||
| 040 | _cGE_BSU | ||
| 080 | _a371.5(479.22) | ||
| 245 | _aუსაფრთხო სკოლა საზოგადოების თანამონაწილეობის გარეშე | ||
| 245 | _cწიგნის მომზადებაში მონაწილეობდნენ: ია ანთაძე, სოფიო გორგოძე, ლიკა ზაკაშვილი და სხვ. | ||
| 260 | _aთბილისი | ||
| 260 | _bუსტარი | ||
| 260 | _c2011 | ||
| 300 | _a120 გვ. ; 24 სმ. | ||
| 541 | _h26 ლ. | ||
| 653 | _aსკოლების უსაფრთხოება საქართველოში | ||
| 653 | _aუსაფრთხო სკოლა საზოგადოების თანამონაწილეობის გარეშე | ||
| 942 | _cBK | ||
| 999 |
_c51385 _d51385 |
||